000 00458nam a2200181Ia 4500
005 20240921120812.0
008 240921s9999||||xx |||||||||||||| ||und||
041 _aENGLISH
082 _A621.38835 M9
100 _aUmesh Sinha
245 0 _aAntenna and Wave Propagation
250 _a1st
260 _c1989
_bSatya Prakashan,New Delhi
500 _aVector Analysis
650 _aAntennas and Propagation
_bElectronics
942 _cBK
999 _c247578
_d247578